000 01094nab a2200349 4500
003 BR-BrBNA
005 20260402113139.0
008 260402b bl.||||| |||| 00| 0 por d
040 _aBR-BrBNA
_bpor
072 _aE10 ; E11 ; E13 ; E14 ; A50 ; B10 ; C20 ; E70 ; E71
100 _aOndei, Vera
245 _aTerra de valor
_bCapa
500 _a16 illus.
650 _aMATOPIBA
650 _aFRONTEIRA AGRÍCOLA
650 _aEXPLORAÇÃO AGRÍCOLA
650 _aVALOR DA TERRA
650 _aINVESTIMENTO
650 _aADOÇÃO DE TECNOLOGIA
650 _aPESQUISA
650 _aASSISTÊNCIA TÉCNICA
650 _aEXTENSÃO RURAL
650 _aPRODUTIVIDADE
650 _aGRANDE PRODUTOR
650 _aMÉDIO PRODUTOR
650 _aAGRICULTURA FAMILIAR
650 _aCOMERCIALIZAÇÃO
650 _aEXPORTAÇÃO
773 0 _01706
_9348154
_dSão Paulo-SP Editora Três Ltda - E-mail: luizfsa@revistadinheiro.com.br 2004
_o2025-0643
_tDinheiro Rural (Brazil)
_x1807-3700
_gv. 10(129) p. 34-40; (Sep 2015)
_wBR2026000443
942 _cANA
999 _c341213
_d341213